[Event "Vienna Chess Open 2015 Group A"]
[Site "Grosser Festsaal im Wiener Rathaus, 1010 Wien"]
[Date "2015.08.19"]
[Round "5"]
[Board "9"]
[White "Kurajica, Bojan"]
[Black "Sorm, Daniel"]
[Result "1-0"]
[WhiteElo "2513"]
[BlackElo "2347"]
[PlyCount "103"]
[EventDate "2015.08.15"]
[EventRounds "9"]
[EventCountry "AUT"]

1.Nf3 d5 2.e3 c6 3.c4 Nf6 4.Qc2 e6 5.b3 Bd6 6.Bb2 O-O 7.Rg1 Re8 8.g4 e5 9.g5 Ne4 10.Bd3
Na6 11.a3 f5 12.b4 Nxf2 13.Kxf2 e4 14.cxd5 exd3 15.Qc4 Re4 16.Qxd3 Bf8 17.Nc3 Rg4
18.h3 Rxg1 19.Rxg1 Nc7 20.Nd4 Nxd5 21.Nxf5 Bxf5 22.Qxf5 Nxc3 23.Qe6+ Kh8 24.Bxc3 Qe7
25.Qxe7 Bxe7 26.a4 Kg8 27.Ke2 Kf7 28.b5 c5 29.Kd3 g6 30.Rg4 Ke6 31.Re4+ Kd6 32.Be5+
Kd5 33.Bf4 Bd6 34.Bxd6 Kxd6 35.Rh4 Rh8 36.Kc4 b6 37.Rf4 h6 38.Rh4 h5 39.Rf4 Ke5 40.Rf7
Ra8 41.Rf6 Rg8 42.d3 h4 43.a5 Rg7 44.axb6 axb6 45.Rxb6 Kf5 46.Rc6 Kxg5 47.b6 Kf5 48.Rc7
Rg8 49.b7 Rb8 50.Kxc5 g5 51.Kb6 g4 52.Rc5+ 1-0

[Event "Vienna Chess Open 2015 Group A"]
[Site "Grosser Festsaal im Wiener Rathaus, 1010 Wien"]
[Date "2015.08.19"]
[Round "5"]
[Board "10"]
[White "Bruchmann, Stephan"]
[Black "Tari, Aryan"]
[Result "0-1"]
[WhiteElo "2294"]
[BlackElo "2510"]
[PlyCount "82"]
[EventDate "2015.08.15"]
[EventRounds "9"]
[EventCountry "AUT"]

1.e4 c5 2.Nf3 d6 3.Bb5+ Nd7 4.d4 cxd4 5.Qxd4 a6 6.Bc4 Ngf6 7.Nc3 e6 8.Bg5 Be7 9.O-O
b5 10.Bb3 Qb6 11.Qxb6 Nxb6 12.e5 dxe5 13.Nxe5 Bb7 14.a4 Nfd5 15.Bxd5 Nxd5 16.Nxd5
Bxd5 17.Bxe7 Kxe7 18.Nd3 Rhc8 19.Rfc1 Be4 20.axb5 axb5 21.Rxa8 Rxa8 22.f3 Bxd3 23.cxd3
Kd6 24.Rc3 Ra2 25.Rc2 b4 26.Kf2 b3 27.Re2 Kd5 28.Ke3 e5 29.g4 f6 30.h4 g6 31.f4 exf4+
32.Kxf4 Kd4 33.Re7 Rxb2 34.Rxh7 Rf2+ 35.Kg3 Rd2 36.Kf4 b2 37.Rb7 Kxd3 38.h5 gxh5 39.gxh5
Kc2 40.Rc7+ Kd1 41.Rb7 Kc1 0-1

[Event "Vienna Chess Open 2015 Group A"]
[Site "Grosser Festsaal im Wiener Rathaus, 1010 Wien"]
[Date "2015.08.19"]
[Round "5"]
[Board "11"]
[White "Kindermann, Stefan"]
[Black "Bartell, Thomas"]
[Result "1/2-1/2"]
[WhiteElo "2507"]
[BlackElo "2345"]
[PlyCount "120"]
[EventDate "2015.08.15"]
[EventRounds "9"]
[EventCountry "AUT"]

1.e4 c6 2.d4 d5 3.e5 Bf5 4.c4 e6 5.Nc3 Ne7 6.Be3 Nd7 7.c5 Bg6 8.f4 h5 9.Nf3 Nf5 10.Bf2
Be7 11.g3 f6 12.Be2 fxe5 13.fxe5 Bg5 14.Nxg5 Qxg5 15.Qd2 Qxd2+ 16.Kxd2 b6 17.b4 bxc5
18.bxc5 Rb8 19.Rab1 O-O 20.Rb3 Nh4 21.Be3 Nf3+ 22.Kc1 h4 23.Rxb8 Nxb8 24.g4 h3 25.Rf1
Be4 26.Nxe4 dxe4 27.Bc4 Kf7 28.Rf2 Rh8 29.Be2 Rh4 30.Bxf3 exf3 31.Rxf3+ Kg6 32.Rg3
Na6 33.Bd2 Nc7 34.Kc2 Rh8 35.Kd3 Nd5 36.Kc4 Rb8 37.Rb3 Rh8 38.a4 Rh4 39.Rg3 Rh8 40.a5
a6 41.Rb3 Rh4 42.Rg3 Rh8 43.Kd3 Rb8 44.Ke2 Rb2 45.Kd1 Ra2 46.Rxh3 Ra4 47.Rd3 Nc7 48.Ke2
Nb5 49.Ke3 Ra3 50.Rxa3 Nxa3 51.h4 Nb5 52.h5+ Kf7 53.g5 g6 54.d5 cxd5 55.h6 Na7 56.Kd3
Nc6 57.Bc3 Kg8 58.Ke3 Kh7 59.Kd3 Kg8 60.Ke3 Kh7 1/2-1/2

[Event "Vienna Chess Open 2015 Group A"]
[Site "Grosser Festsaal im Wiener Rathaus, 1010 Wien"]
[Date "2015.08.19"]
[Round "5"]
[Board "12"]
[White "Rombaldoni, Denis"]
[Black "Dragnev , Valentin"]
[Result "0-1"]
[WhiteElo "2467"]
[BlackElo "2339"]
[PlyCount "72"]
[EventDate "2015.08.15"]
[EventRounds "9"]
[EventCountry "AUT"]

1.c4 e6 2.Nf3 d5 3.e3 Nf6 4.b3 Be7 5.Bb2 O-O 6.d4 c5 7.Nbd2 cxd4 8.exd4 Nc6 9.Bd3
b6 10.O-O Nb4 11.Bb1 Ba6 12.Ne5 Rc8 13.Re1 Nc6 14.Nxc6 Rxc6 15.Bd3 Rc7 16.a3 Qc8 17.Re3
Rd8 18.Qe2 g6 19.Rh3 Bf8 20.Rc1 Bg7 21.Nf3 dxc4 22.bxc4 Nd5 23.Rh4 Bf6 24.Re4 Bb7
25.Re1 Ne7 26.d5 Bxb2 27.Qxb2 Nf5 28.Ne5 exd5 29.Rf4 Nh6 30.Rh4 dxc4 31.Bxc4 Qf5 32.Bf1
Rc2 33.Qxc2 Qxc2 34.Rxh6 Qd2 35.Nxf7 Qxe1 36.Nxd8 Ba6 0-1

[Event "Vienna Chess Open 2015 Group A"]
[Site "Grosser Festsaal im Wiener Rathaus, 1010 Wien"]
[Date "2015.08.19"]
[Round "5"]
[Board "13"]
[White "Froewis, Georg"]
[Black "Warmerdam, Max"]
[Result "1/2-1/2"]
[WhiteElo "2434"]
[BlackElo "2236"]
[PlyCount "189"]
[EventDate "2015.08.15"]
[EventRounds "9"]
[EventCountry "AUT"]

1.Nf3 Nf6 2.g3 g6 3.b3 Bg7 4.Bb2 O-O 5.Bg2 c5 6.c4 Nc6 7.O-O d6 8.d4 cxd4 9.Nxd4 Bd7
10.Nc3 Qa5 11.e3 Rfc8 12.Qd2 a6 13.Rfd1 Rab8 14.a4 Qh5 15.Nd5 Nxd5 16.Bxd5 Ne5 17.Bg2
Bc6 18.h3 Bxg2 19.Kxg2 Nc6 20.Nf3 Bxb2 21.Qxb2 Qc5 22.Rd5 Qb4 23.Ne1 Ne5 24.Qc2 b5
25.axb5 axb5 26.Nd3 Nxd3 27.Rxd3 bxc4 28.bxc4 Rxc4 29.Qe2 Qb2 30.Ra2 Qb7+ 31.Qf3 Qb1
32.Rad2 Rc1 33.Rd1 Rb2 34.Rxc1 Qxc1 35.Rd1 Qc2 36.h4 h5 37.Ra1 Rb5 38.Qd1 Qc8 39.Qf3
Qc2 40.Qd1 Qc4 41.Ra8+ Kg7 42.Qa1+ f6 43.Qa4 Qd5+ 44.e4 Qd3 45.Rc8 Rb1 46.Qc4 Qxc4
47.Rxc4 Rb8 48.Rc7 Kf7 49.Kf3 Ke6 50.Ke3 Rb3+ 51.Ke2 Rb5 52.Ke3 Re5 53.Kd3 g5 54.hxg5
Rxg5 55.Rc8 h4 56.gxh4 Rh5 57.Rc7 Rxh4 58.Ke3 Rh3+ 59.f3 Rh2 60.Ra7 Rb2 61.Rc7 Rb3+
62.Kf4 Rb8 63.Ra7 Rb4 64.Ke3 f5 65.Ra5 Rb3+ 66.Ke2 fxe4 67.fxe4 Kf6 68.Rf5+ Ke6 69.Ra5
Rh3 70.Rb5 Ra3 71.Rh5 Kd7 72.Rh7 Ra7 73.Rh6 Ra5 74.Kd3 Kc6 75.Re6 Ra7 76.Kc4 Kd7 77.Rh6
Ra4+ 78.Kd3 e5 79.Rh8 Ra3+ 80.Kd2 Kc6 81.Rc8+ Kb5 82.Rc7 Ra6 83.Kd3 Rc6 84.Rb7+ Kc5
85.Rb1 Ra6 86.Rc1+ Kb5 87.Rb1+ Kc6 88.Rc1+ Kd7 89.Rh1 Ra3+ 90.Kd2 Ra4 91.Kd3 Ra3+
92.Kd2 d5 93.exd5 Kd6 94.Rh6+ Kxd5 95.Rh4 1/2-1/2

[Event "Vienna Chess Open 2015 Group A"]
[Site "Grosser Festsaal im Wiener Rathaus, 1010 Wien"]
[Date "2015.08.19"]
[Round "5"]
[Board "14"]
[White "Martin, Julian"]
[Black "Holm, Kristian Stuvik"]
[Result "1/2-1/2"]
[WhiteElo "2261"]
[BlackElo "2418"]
[PlyCount "29"]
[EventDate "2015.08.15"]
[EventRounds "9"]
[EventCountry "AUT"]

1.e4 e5 2.Nf3 Nc6 3.Nc3 Nf6 4.Bb5 Bc5 5.d3 O-O 6.Bg5 h6 7.Bh4 Nd4 8.Bc4 d6 9.Nd5 g5
10.Nxg5 Nxd5 11.Qh5 Qf6 12.Bxd5 hxg5 13.Bxg5 Qg7 14.Qh4 Be6 15.Bf6 1/2-1/2

[Event "Vienna Chess Open 2015 Group A"]
[Site "Grosser Festsaal im Wiener Rathaus, 1010 Wien"]
[Date "2015.08.19"]
[Round "5"]
[Board "15"]
[White "Krause, Benedict"]
[Black "Soors, Stef"]
[Result "1/2-1/2"]
[WhiteElo "2235"]
[BlackElo "2407"]
[PlyCount "75"]
[EventDate "2015.08.15"]
[EventRounds "9"]
[EventCountry "AUT"]

1.e4 c6 2.d4 d5 3.Nd2 dxe4 4.Nxe4 Bf5 5.Ng3 Bg6 6.h4 h6 7.Nf3 Nd7 8.h5 Bh7 9.Bd3 Bxd3
10.Qxd3 e6 11.Bd2 Ngf6 12.O-O-O Be7 13.Kb1 Rc8 14.Ne4 c5 15.dxc5 Nxc5 16.Nxf6+ Bxf6
17.Qxd8+ Rxd8 18.Be3 Rc8 19.Bd4 Ke7 20.Ne5 Rc7 21.f3 Rhc8 22.c3 Nd7 23.f4 b6 24.Rhe1
Nxe5 25.fxe5 Bg5 26.Rf1 f5 27.Kc2 Rg8 28.Rd3 g6 29.hxg6 Rxg6 30.Rh3 Ke8 31.b4 Be7
32.Kb3 Rxg2 33.Rxh6 Kf7 34.a4 Bf8 35.Rf6+ Ke7 36.Rh1 Bg7 37.Rh7 Rc8 38.a5 1/2-1/2

[Event "Vienna Chess Open 2015 Group A"]
[Site "Grosser Festsaal im Wiener Rathaus, 1010 Wien"]
[Date "2015.08.19"]
[Round "5"]
[Board "16"]
[White "Ott, Florian"]
[Black "Danner, Georg"]
[Result "0-1"]
[WhiteElo "2254"]
[BlackElo "2385"]
[PlyCount "96"]
[EventDate "2015.08.15"]
[EventRounds "9"]
[EventCountry "AUT"]

1.d4 Nf6 2.c4 e6 3.Nc3 Bb4 4.e3 b6 5.Nge2 O-O 6.a3 Be7 7.e4 c5 8.d5 d6 9.Ng3 Re8 10.Be2
exd5 11.cxd5 Na6 12.O-O Nc7 13.b4 cxb4 14.axb4 a5 15.Be3 Na6 16.bxa5 bxa5 17.Bb5 Bd7
18.Qe2 Nb4 19.Rfc1 Qb8 20.Bxd7 Nxd7 21.Nb5 Rc8 22.Rxc8+ Qxc8 23.Nf5 Bf8 24.Bd4 g6
25.Nfxd6 Qa6 26.Qg4 Nc2 27.Qxd7 Nxd4 28.Qxf7+ Kh8 29.Ne8 Ne2+ 30.Kh1 Bh6 31.Nbc7 Ra7
32.Qf6+ Qxf6 33.Nxf6 Rxc7 34.d6 Rc8 35.d7 Rd8 36.Rxa5 Bg7 37.e5 Nf4 38.Ra6 Bxf6 39.exf6
Kg8 40.g3 Nh5 41.g4 Nf4 42.Rd6 h6 43.h4 Kf7 44.g5 hxg5 45.hxg5 Nh3 46.f4 Nxf4 47.Kh2
Ne6 48.Rd5 Nf8 0-1

[Event "Vienna Chess Open 2015 Group A"]
[Site "Grosser Festsaal im Wiener Rathaus, 1010 Wien"]
[Date "2015.08.19"]
[Round "5"]
[Board "18"]
[White "Svicevic, Rastko"]
[Black "Shengelia, David"]
[Result "0-1"]
[WhiteElo "2296"]
[BlackElo "2572"]
[PlyCount "120"]
[EventDate "2015.08.15"]
[EventRounds "9"]
[EventCountry "AUT"]

1.d4 Nf6 2.Bg5 g6 3.Bxf6 exf6 4.e3 d5 5.Nf3 Bd6 6.Nbd2 O-O 7.c4 dxc4 8.Nxc4 Bb4+ 9.Ncd2
b6 10.Be2 Bb7 11.O-O Nd7 12.Ne1 Rc8 13.Bf3 c6 14.Rc1 Ne5 15.Be2 c5 16.Ndf3 cxd4 17.Rxc8
Qxc8 18.Nxd4 Rd8 19.Qa4 a5 20.Nef3 Qg4 21.h3 Qe4 22.Bd1 Bc5 23.Bc2 Nxf3+ 24.Nxf3 Qe6
25.Rd1 Rxd1+ 26.Bxd1 Bc6 27.Qg4 f5 28.Qh4 Qxa2 29.Qd8+ Kg7 30.Ne5 Qd5 31.Nxc6 Qxc6
32.Qd3 Be7 33.Qc2 Qd6 34.Be2 Bf6 35.b3 f4 36.Qd3 Qb4 37.exf4 Qxf4 38.Qf3 Qc1+ 39.Kh2
Qc5 40.g3 b5 41.Kg2 a4 42.bxa4 bxa4 43.Bd1 Qb4 44.Qa8 a3 45.Qd5 Qd4 46.Bb3 Qa7 47.Ba2
h5 48.h4 Bd4 49.Qf3 Qe7 50.Qd5 Qf6 51.Qf3 Qxf3+ 52.Kxf3 f6 53.Kg2 g5 54.hxg5 fxg5
55.f4 g4 56.Kf1 Kf6 57.Ke2 Ke7 58.Ke1 Kd6 59.Bf7 Kc5 60.Kd2 h4 0-1

[Event "Vienna Chess Open 2015 Group A"]
[Site "Grosser Festsaal im Wiener Rathaus, 1010 Wien"]
[Date "2015.08.19"]
[Round "5"]
[Board "19"]
[White "Hawkins, Jonathan"]
[Black "Mann, Johannes"]
[Result "1-0"]
[WhiteElo "2554"]
[BlackElo "2295"]
[PlyCount "67"]
[EventDate "2015.08.15"]
[EventRounds "9"]
[EventCountry "AUT"]

1.d4 d5 2.c4 c6 3.Nf3 Nf6 4.Nc3 a6 5.e3 b5 6.b3 Bg4 7.Bd2 Nbd7 8.h3 Bxf3 9.Qxf3 b4
10.Na4 e5 11.cxd5 cxd5 12.dxe5 Nxe5 13.Qf4 Bd6 14.Qd4 O-O 15.Rc1 Qe7 16.Be2 a5 17.O-O
Bb8 18.Rfd1 Ba7 19.Qf4 Bb8 20.Qf5 Ne4 21.Nb6 Qd8 22.Nxd5 Qxd5 23.Bxb4 Qb7 24.Bxf8
Kxf8 25.Rc8+ Ke7 26.Rxb8 Qxb8 27.Qxe4 Kf8 28.Qxh7 Ng6 29.h4 a4 30.h5 Ne7 31.h6 gxh6
32.Bc4 Qe8 33.Qxh6+ Kg8 34.Rd4 1-0

[Event "Vienna Chess Open 2015 Group A"]
[Site "Grosser Festsaal im Wiener Rathaus, 1010 Wien"]
[Date "2015.08.19"]
[Round "5"]
[Board "20"]
[White "Kuzmicz, Krystian"]
[Black "Menezes, Christoph"]
[Result "1/2-1/2"]
[WhiteElo "2486"]
[BlackElo "2291"]
[PlyCount "20"]
[EventDate "2015.08.15"]
[EventRounds "9"]
[EventCountry "AUT"]

1.e4 c5 2.Be2 Nc6 3.f4 g6 4.Nf3 Bg7 5.d3 d6 6.O-O Nf6 7.Qe1 Bg4 8.Qh4 Bxf3 9.Bxf3
Nd7 10.Qg3 c4 1/2-1/2

[Event "Vienna Chess Open 2015 Group A"]
[Site "Grosser Festsaal im Wiener Rathaus, 1010 Wien"]
[Date "2015.08.19"]
[Round "5"]
[Board "21"]
[White "Bressac, Stephane"]
[Black "Diermair, Andreas"]
[Result "1/2-1/2"]
[WhiteElo "2286"]
[BlackElo "2485"]
[PlyCount "128"]
[EventDate "2015.08.15"]
[EventRounds "9"]
[EventCountry "AUT"]

1.e4 e5 2.Nf3 Nc6 3.d4 exd4 4.Nxd4 Nf6 5.Nxc6 bxc6 6.e5 Qe7 7.Qe2 Nd5 8.c4 Ba6 9.Qe4
Nb6 10.Nc3 Qe6 11.b3 Bb4 12.Bd2 O-O 13.Bd3 f5 14.exf6 Qxe4+ 15.Nxe4 Bxd2+ 16.Kxd2
gxf6 17.Nc5 Bc8 18.Rhe1 Kf7 19.Bxh7 d6 20.Nd3 f5 21.Nf4 Rh8 22.Bg6+ Kf6 23.Be8 Bd7
24.Bxd7 Nxd7 25.h3 Ne5 26.Re3 a5 27.a4 Rab8 28.Rae1 Rb7 29.Ne2 Rh4 30.Kc3 c5 31.Ng1
Rd4 32.Nf3 f4 33.Rxe5 dxe5 34.Rxe5 Rd1 35.Rxc5 Rc1+ 36.Kd2 Rb1 37.Nd4 Rb2+ 38.Kc3
Rxf2 39.Rxa5 Rb8 40.Rf5+ Kg6 41.h4 Rh8 42.Rg5+ Kf6 43.Rf5+ Kg6 44.g3 fxg3 45.Rg5+
Kf6 46.Rxg3 Rxh4 47.Nc6 Ke6 48.Kb4 Kd7 49.Kb5 Ra2 50.b4 Rh8 51.a5 Kc8 52.a6 Ra1 53.c5
Ra2 54.Rg7 Ra1 55.Na5 Kb8 56.a7+ Kxa7 57.Rxc7+ Kb8 58.Kb6 Ra4 59.Nc6+ Ka8 60.b5 Ra1
61.Re7 Rc8 62.Rc7 Rxc7 63.Kxc7 Rb1 64.Nd4 Rxb5 1/2-1/2

[Event "Vienna Chess Open 2015 Group A"]
[Site "Grosser Festsaal im Wiener Rathaus, 1010 Wien"]
[Date "2015.08.19"]
[Round "5"]
[Board "22"]
[White "Stanec, Nikolaus"]
[Black "Bonagura, Stefano"]
[Result "1/2-1/2"]
[WhiteElo "2474"]
[BlackElo "2285"]
[PlyCount "35"]
[EventDate "2015.08.15"]
[EventRounds "9"]
[EventCountry "AUT"]

1.Nf3 d5 2.g3 c6 3.Bg2 Nf6 4.d3 Bg4 5.h3 Bh5 6.Nbd2 Nbd7 7.O-O e5 8.e4 Bd6 9.c3 O-O
10.Qc2 Re8 11.Re1 a5 12.a4 dxe4 13.dxe4 b5 14.Nb3 Nc5 15.Nxc5 Bxc5 16.Nd2 Qe7 17.Nb3
Bb6 18.Be3 1/2-1/2

[Event "Vienna Chess Open 2015 Group A"]
[Site "Grosser Festsaal im Wiener Rathaus, 1010 Wien"]
[Date "2015.08.19"]
[Round "5"]
[Board "23"]
[White "Hertneck, Gerald"]
[Black "Ilic, Zoran"]
[Result "1/2-1/2"]
[WhiteElo "2469"]
[BlackElo "2278"]
[PlyCount "70"]
[EventDate "2015.08.15"]
[EventRounds "9"]
[EventCountry "AUT"]

1.d4 Nf6 2.Nf3 e6 3.c4 Bb4+ 4.Nbd2 O-O 5.a3 Be7 6.e4 d6 7.b4 a5 8.Rb1 axb4 9.axb4
Nbd7 10.Bb2 e5 11.dxe5 dxe5 12.c5 c6 13.Nxe5 Nxe5 14.Bxe5 b6 15.cxb6 Qxb6 16.Bc3 Rd8
17.Qc2 Ba6 18.Nc4 Qc7 19.Be2 Qf4 20.Bxf6 Qxf6 21.O-O Rab8 22.e5 Qe6 23.Qc3 Rd5 24.f4
Qd7 25.f5 Qa7+ 26.Kh1 Qd4 27.Qc2 Bxc4 28.Bxc4 Rxe5 29.Qa2 Rf8 30.b5 cxb5 31.Rxb5 Rxb5
32.Bxb5 Qe5 33.Bc6 Rd8 34.g3 Bf6 35.Rf2 h5 1/2-1/2

[Event "Vienna Chess Open 2015 Group A"]
[Site "Grosser Festsaal im Wiener Rathaus, 1010 Wien"]
[Date "2015.08.19"]
[Round "5"]
[Board "24"]
[White "Huber, Martin Christian"]
[Black "Mons, Léon"]
[Result "1/2-1/2"]
[WhiteElo "2276"]
[BlackElo "2464"]
[PlyCount "105"]
[EventDate "2015.08.15"]
[EventRounds "9"]
[EventCountry "AUT"]

1.Nf3 Nf6 2.c4 b6 3.Nc3 Bb7 4.d4 e6 5.a3 Ne4 6.Nxe4 Bxe4 7.b3 d5 8.Bb2 Be7 9.Nd2 Bg6
10.g3 O-O 11.Bg2 c6 12.O-O Nd7 13.e4 Nf6 14.e5 Ne8 15.f4 Nc7 16.g4 f5 17.exf6 Bxf6
18.cxd5 Nxd5 19.Qe2 Qd7 20.Nc4 b5 21.Ne5 Bxe5 22.Qxe5 a5 23.Rf3 a4 24.b4 Bc2 25.Re1
Bb3 26.Bc1 Rae8 27.Bf1 Nf6 28.Rg3 Rd8 29.Bg2 Bd5 30.Bh3 Qf7 31.Bf1 Nd7 32.Qe3 Nb6
33.Bd3 Bc4 34.Bc2 Qf6 35.Qe4 Qxd4+ 36.Qxd4 Rxd4 37.Be3 Rfxf4 38.Bxf4 Rxf4 39.Be4 Nd5
40.h3 Kf7 41.Rf3 Rxf3 42.Bxf3 Ke7 43.Be4 h6 44.Kf2 Kd6 45.h4 Nc3 46.Ke3 c5 47.bxc5+
Kxc5 48.Kd2 b4 49.Bd3 Bxd3 50.Kxd3 Nd5 51.axb4+ Nxb4+ 52.Ke4 a3 53.Ra1 1/2-1/2

[Event "Vienna Chess Open 2015 Group A"]
[Site "Grosser Festsaal im Wiener Rathaus, 1010 Wien"]
[Date "2015.08.19"]
[Round "5"]
[Board "25"]
[White "Moroni, Luca"]
[Black "Powierski, Emil"]
[Result "1-0"]
[WhiteElo "2461"]
[BlackElo "2260"]
[PlyCount "107"]
[EventDate "2015.08.15"]
[EventRounds "9"]
[EventCountry "AUT"]

1.d4 Nf6 2.Nf3 g6 3.g3 Bg7 4.Bg2 O-O 5.O-O d5 6.c4 c6 7.cxd5 cxd5 8.Ne5 Bf5 9.Nc3
Ne4 10.Qb3 Nc6 11.Nxc6 bxc6 12.Nxe4 Bxe4 13.Bxe4 dxe4 14.Be3 Qd5 15.Qc2 Rab8 16.Rfd1
Rb4 17.b3 Rd8 18.Rac1 Rb6 19.Qc5 Rd7 20.Qa3 Rb5 21.Qa6 Rb6 22.Qa4 Rb5 23.Rd2 h5 24.Rc5
Qd6 25.Rxb5 cxb5 26.Qxb5 e6 27.Kf1 h4 28.Qc5 Qa6 29.Qc4 Qb7 30.Rc2 Kh7 31.gxh4 Qb8
32.Kg2 Qd8 33.Qc8 Qe7 34.h5 gxh5 35.Rc5 e5 36.d5 f5 37.f4 exf3+ 38.exf3 f4 39.Bf2
e4 40.d6 exf3+ 41.Kxf3 Qxd6 42.Rxh5+ Bh6 43.Qc2+ Kg7 44.Rc5 Rf7 45.Qc3+ Kh7 46.Qd4
Qb8 47.Qe4+ Kg8 48.Bd4 Qf8 49.Rc6 Bg7 50.Rg6 Qd8 51.Rg4 Qf8 52.Qe6 Qa8+ 53.Kf2 Kf8
54.Bxg7+ 1-0

[Event "Vienna Chess Open 2015 Group A"]
[Site "Grosser Festsaal im Wiener Rathaus, 1010 Wien"]
[Date "2015.08.19"]
[Round "5"]
[Board "26"]
[White "Chernyak, Viktoria"]
[Black "Salomon, Johan"]
[Result "0-1"]
[WhiteElo "2276"]
[BlackElo "2439"]
[PlyCount "78"]
[EventDate "2015.08.15"]
[EventRounds "9"]
[EventCountry "AUT"]

1.Nf3 c5 2.g3 Nc6 3.c4 g6 4.Bg2 Bg7 5.O-O e6 6.Nc3 Nge7 7.d3 O-O 8.Bd2 d5 9.cxd5 exd5
10.Rc1 b6 11.a3 Re8 12.h4 Bg4 13.Bg5 Qd7 14.Qd2 Bxf3 15.Bxf3 Nd4 16.Bxe7 Nxf3+ 17.exf3
Rxe7 18.Rfe1 Rae8 19.Kg2 Re6 20.Rxe6 Qxe6 21.Rc2 d4 22.Ne2 Qb3 23.Nc1 Qa4 24.b3 Qa6
25.a4 h5 26.Qf4 Bf8 27.Qg5 Re6 28.Qd5 b5 29.axb5 Qxb5 30.Rc4 Qe8 31.f4 Re1 32.Rc2
a5 33.Qf3 a4 34.bxa4 Qxa4 35.Rc4 Qa3 36.Ne2 Qb2 37.Ng1 Qa1 38.Nh3 Rh1 39.Qe2 Rxh3 0-1

[Event "Vienna Chess Open 2015 Group A"]
[Site "Grosser Festsaal im Wiener Rathaus, 1010 Wien"]
[Date "2015.08.19"]
[Round "5"]
[Board "27"]
[White "Certek, Pavel"]
[Black "Kilgus, Georg"]
[Result "0-1"]
[WhiteElo "2260"]
[BlackElo "2421"]
[PlyCount "120"]
[EventDate "2015.08.15"]
[EventRounds "9"]
[EventCountry "AUT"]

1.d4 g6 2.e4 d6 3.Nc3 Nf6 4.Be2 Bg7 5.Nf3 O-O 6.O-O a6 7.a4 Nc6 8.h3 e5 9.dxe5 dxe5
10.Bc4 Be6 11.Bxe6 fxe6 12.Be3 Nh5 13.Qxd8 Raxd8 14.Rfd1 Nd4 15.Bxd4 exd4 16.Ne2 c5
17.a5 Bh6 18.Ne5 Nf6 19.f3 Ne8 20.Nc4 Nd6 21.Nxd6 Rxd6 22.Ra4 Rc6 23.Rc4 e5 24.Kf1
Kf7 25.Rd3 Ke6 26.Ke1 Rb8 27.Rb3 Kd6 28.Ng3 b5 29.axb6 Rbxb6 30.Rxb6 Rxb6 31.b3 Kc6
32.Ke2 Kb5 33.Nh1 Be3 34.Ng3 h5 35.Nf1 Bh6 36.Ra4 Rc6 37.Rc4 a5 38.Kd3 Bf4 39.Ke2
Rf6 40.Ra4 h4 41.Nd2 Bxd2 42.Kxd2 g5 43.Ke2 Rc6 44.Rc4 Rb6 45.Kd3 Kc6 46.Ra4 Kb5 47.Rc4
Rh6 48.Ke2 Ra6 49.Ra4 Rc6 50.Rc4 Rh6 51.Kf2 Ra6 52.Ra4 Rb6 53.Ke2 Ka6 54.Rc4 Rb5 55.Kd3
Kb6 56.Ra4 Rb4 57.Rxb4+ cxb4 58.Kd2 Kb5 59.Ke2 a4 60.bxa4+ Kxa4 0-1

[Event "Vienna Chess Open 2015 Group A"]
[Site "Grosser Festsaal im Wiener Rathaus, 1010 Wien"]
[Date "2015.08.19"]
[Round "5"]
[Board "28"]
[White "Tan, Justin"]
[Black "Matt, Fabian"]
[Result "1-0"]
[WhiteElo "2421"]
[BlackElo "2258"]
[PlyCount "63"]
[EventDate "2015.08.15"]
[EventRounds "9"]
[EventCountry "AUT"]

1.e4 c5 2.Nf3 d6 3.d4 cxd4 4.Nxd4 Nf6 5.Nc3 a6 6.h3 e6 7.g4 h6 8.Bg2 Qc7 9.O-O Be7
10.Be3 Nbd7 11.f4 Rb8 12.Nce2 Nc5 13.Ng3 O-O 14.c4 Bd7 15.Rc1 Rbd8 16.b4 Na4 17.f5
e5 18.Nf3 Nb6 19.Qe2 Rc8 20.Nd2 Na4 21.h4 Nh7 22.Nf3 Qd8 23.Qd2 Bxh4 24.Nh5 Bg5 25.Nxg5
Nxg5 26.f6 g6 27.Bxg5 hxg5 28.Qxg5 Kh7 29.Nf4 Qb6+ 30.c5 dxc5 31.Qh4+ Kg8 32.Nd5 1-0

[Event "Vienna Chess Open 2015 Group A"]
[Site "Grosser Festsaal im Wiener Rathaus, 1010 Wien"]
[Date "2015.08.19"]
[Round "5"]
[Board "29"]
[White "Neumeier, Klaus"]
[Black "Hauge, Lars Oskar"]
[Result "1/2-1/2"]
[WhiteElo "2260"]
[BlackElo "2411"]
[PlyCount "72"]
[EventDate "2015.08.15"]
[EventRounds "9"]
[EventCountry "AUT"]

1.Nf3 Nf6 2.c4 g6 3.Nc3 Bg7 4.e4 O-O 5.d4 d6 6.h3 c5 7.d5 b5 8.cxb5 a6 9.a4 Nbd7 10.Be3
Qa5 11.Nd2 axb5 12.Bxb5 Ba6 13.O-O Bxb5 14.axb5 Qb4 15.Qc2 Rfb8 16.Ra6 Rxa6 17.bxa6
Qa5 18.Qa4 Qxa4 19.Nxa4 Ra8 20.b4 Rxa6 21.Nxc5 dxc5 22.bxc5 Ne8 23.Rb1 Ra1 24.Rxa1
Bxa1 25.f4 Nc7 26.c6 Nb8 27.Bb6 Nba6 28.Kf2 f5 29.Kf3 fxe4+ 30.Kxe4 Bc3 31.Nf3 Bb4
32.Ng5 Bd6 33.Ne6 Nxe6 34.dxe6 Kg7 35.Bd4+ Kf8 36.g4 Nc7 1/2-1/2

[Event "Vienna Chess Open 2015 Group A"]
[Site "Grosser Festsaal im Wiener Rathaus, 1010 Wien"]
[Date "2015.08.19"]
[Round "5"]
[Board "30"]
[White "Manik, Mikulas"]
[Black "Caruso, Augusto"]
[Result "1-0"]
[WhiteElo "2410"]
[BlackElo "2251"]
[PlyCount "23"]
[EventDate "2015.08.15"]
[EventRounds "9"]
[EventCountry "AUT"]

1.e4 g6 2.d4 Bg7 3.Nc3 d6 4.f4 Na6 5.Be3 c6 6.Nf3 Nc7 7.h3 d5 8.e5 h5 9.Qd2 Nh6 10.Rg1
Nf5 11.Bf2 Bh6 12.g4 1-0

[Event "Vienna Chess Open 2015 Group A"]
[Site "Grosser Festsaal im Wiener Rathaus, 1010 Wien"]
[Date "2015.08.19"]
[Round "5"]
[Board "31"]
[White "Ganaus, Hannes"]
[Black "Zeller, Frank"]
[Result "1/2-1/2"]
[WhiteElo "2259"]
[BlackElo "2402"]
[PlyCount "126"]
[EventDate "2015.08.15"]
[EventRounds "9"]
[EventCountry "AUT"]

1.d4 Nf6 2.c4 c5 3.d5 b5 4.Nf3 g6 5.Qc2 Bg7 6.e4 O-O 7.cxb5 a6 8.Nc3 Qa5 9.Bd2 axb5
10.Bxb5 Ba6 11.Bxa6 Qxa6 12.e5 Ng4 13.Qe4 f5 14.exf6 Nxf6 15.Qe2 Qxe2+ 16.Kxe2 Na6
17.Be3 Rfb8 18.Rab1 Nb4 19.a3 Nbxd5 20.Bxc5 Nxc3+ 21.bxc3 Nd5 22.Kd3 Rc8 23.Bd4 Rxa3
24.Ra1 Nb4+ 25.Ke2 Na2 26.Rhd1 e5 27.Rd2 exd4 28.Rdxa2 Rxa2+ 29.Rxa2 dxc3 30.Ne1 Kf7
31.Kd1 Ke6 32.Kc2 Rc4 33.Nd3 h5 34.g3 g5 35.Ra5 Bf6 36.h4 gxh4 37.Rxh5 hxg3 38.fxg3
Rg4 39.Nf4+ Kd6 40.Nd5 Be5 41.Ne3 Ra4 42.Kd3 Ke6 43.Rh6+ Kf7 44.Rh7+ Ke8 45.Rh4 Ra2
46.Rc4 Rd2+ 47.Ke4 d6 48.g4 Kf7 49.Kf5 Rf2+ 50.Ke4 Ke6 51.Rc6 Rf4+ 52.Kd3 Rf3 53.Ke4
Rg3 54.Ra6 Kd7 55.Ra8 Kc6 56.Rc8+ Kb5 57.Rb8+ Ka4 58.Ra8+ Kb3 59.Rb8+ Ka2 60.Kd3 c2
61.Rc8 Kb1 62.Rxc2 d5 63.Rg2 Rxg2 1/2-1/2

[Event "Vienna Chess Open 2015 Group A"]
[Site "Grosser Festsaal im Wiener Rathaus, 1010 Wien"]
[Date "2015.08.19"]
[Round "5"]
[Board "32"]
[White "Haasler, Andreas"]
[Black "Handler, Lukas"]
[Result "1/2-1/2"]
[WhiteElo "2258"]
[BlackElo "2401"]
[PlyCount "55"]
[EventDate "2015.08.15"]
[EventRounds "9"]
[EventCountry "AUT"]

1.Nf3 Nf6 2.c4 e6 3.Nc3 d5 4.d4 Bb4 5.Bg5 Nbd7 6.e3 c5 7.Bd3 Qa5 8.O-O cxd4 9.exd4
Bxc3 10.bxc3 Qxc3 11.Rc1 Qa3 12.Qd2 Ne4 13.Bxe4 dxe4 14.Ne5 f6 15.Nxd7 Bxd7 16.Bf4
O-O 17.Rfe1 f5 18.Re3 Qe7 19.Rg3 Rf7 20.c5 Bc6 21.Bd6 Qd7 22.Qh6 f4 23.Rg5 Rf5 24.Rg4
Kh8 25.Qh4 e3 26.Rxf4 Rxf4 27.Qxf4 e2 28.f3 1/2-1/2

[Event "Vienna Chess Open 2015 Group A"]
[Site "Grosser Festsaal im Wiener Rathaus, 1010 Wien"]
[Date "2015.08.19"]
[Round "5"]
[Board "33"]
[White "Schneider-Zinner, Harald"]
[Black "Haugli, Petter"]
[Result "0-1"]
[WhiteElo "2383"]
[BlackElo "2247"]
[PlyCount "178"]
[EventDate "2015.08.15"]
[EventRounds "9"]
[EventCountry "AUT"]

1.d4 Nf6 2.Nf3 g6 3.c4 Bg7 4.g3 O-O 5.Bg2 d6 6.O-O Nc6 7.Nc3 a6 8.Bf4 Bf5 9.Rc1 Ne4
10.Nxe4 Bxe4 11.d5 Nb8 12.Bh3 Bxf3 13.exf3 c5 14.Qa4 f5 15.Bd2 Nd7 16.f4 b5 17.cxb5
axb5 18.Qxb5 Rxa2 19.Bc3 Bxc3 20.Rxc3 Nf6 21.Qe2 Rf7 22.Bg2 Qb6 23.Rb1 Qb4 24.Re3
Kf8 25.h3 Qd4 26.Rd3 Qb4 27.Qc2 Qa4 28.Qc3 Ra1 29.Rxa1 Qxa1+ 30.Kh2 Qb1 31.Re3 Qd1
32.Qa5 Kg7 33.Qc3 Kg8 34.Re1 Qa4 35.Bf3 Qa2 36.Qd2 Qb3 37.Kg2 Qa2 38.Re3 Qc4 39.Qa5
Kg7 40.Qd2 Kg8 41.b3 Qb4 42.Qe2 Kf8 43.Qa6 Kg7 44.Qa7 e5 45.Qa1 exf4 46.Re6 fxg3 47.fxg3
Qd2+ 48.Re2 Qd4 49.Qxd4 cxd4 50.Rd2 Rb7 51.Rxd4 Rxb3 52.Ra4 Rd3 53.Kf2 Nxd5 54.Ra7+
Kh6 55.Ra6 Nc3 56.h4 d5 57.Ra7 Ne4+ 58.Ke2 Rb3 59.g4 fxg4 60.Bxg4 Nf6 61.Bf3 Rb2+
62.Ke3 d4+ 63.Kxd4 Rb4+ 64.Ke5 Rxh4 65.Rf7 Nh5 66.Ra7 Rb4 67.Bxh5 Rb5+ 68.Kf4 Rxh5
69.Kg3 Rb5 70.Rc7 g5 71.Kg4 Rb4+ 72.Kg3 Kg6 73.Kh3 h6 74.Kg3 Kh5 75.Rc5 Rb3+ 76.Kg2
Kh4 77.Rc2 h5 78.Kh2 g4 79.Kg2 Rb5 80.Ra2 Kg5 81.Ra8 Rb2+ 82.Kg1 Kh4 83.Ra4 Kh3 84.Ra3+
g3 85.Ra1 h4 86.Rc1 Rb4 87.Ra1 Kg4 88.Rc1 h3 89.Ra1 h2+ 0-1